000 00707nam a2200241 i 4500
003 DO-SdBNP
005 20251112094124.0
007 ta
008 251112b2002 dr ac||| |||| 00| 0 spa d
040 _aDO-SdBNP
_bspa
_cBNPHU
_erda
041 _aspa
082 4 _axxx
_bxxx
_222
100 _aNouel, Carmen,
_eautor
_4aut.
_946061
245 1 0 _aCocina internacional /
_cCarmen Nouel
264 4 _aSanto Domingo :
_bGráficas ITESA,
_c©2002.
300 _a267 páginas :
_bilustraciones, retratos ;
_c26 cm.
336 _atexto
_btxt
_2rdacontent
337 _asin mediación
_bn
_2rdamedia
338 _avolumen
_bnc
_2rdacarrier
590 _aInventariado, 2025/BT
910 _aBtavárez
942 _2ddc
_cLBS1
999 _c60031
_d60031